Evaluation and Decision in Design

Salvato in:
Dettagli Bibliografici
Natura: Libro
Lingua:inglese
Pubblicazione: Zürich : Heurista, 1990
Tags: Aggiungi Tag
Nessun Tag, puoi essere il primo ad aggiungerne!!

MARC

LEADER 00000nam a22000003a 4500
001 stu32120
005 20150408180947.0
008 950320s1990----gw------------------eng-d
020 |a 3-85693-021-3 
040 |a STU  |b slo 
041 0 |a eng 
044 |a gw 
080 |a 007 
245 |a Evaluation and Decision in Design 
260 |a Zürich :  |b Heurista,  |c 1990 
300 |a 212 s 
996 |b J88477  |c J*88477  |l JJK3  |s P  |a 0  |w stu32120_0001